00313nam a2200133Ia 4500008004100000041000800041082001200049100001600061245002100077250001400098260002500112300003100137365001100168240624s9999 xx 000 0 und d aeng a659 SOF aSOFAT RAJNI aBASIC ACCOUNTING a(2nd ed.) c2014aNew DelhibPHI axiv, : 570 : p. : cm. ; 24 cRSb33